| 000 | 00523nam a2200181 a 4500 | ||
|---|---|---|---|
| 005 | 20140310183531.0 | ||
| 008 | 110819s19uu xx 00 eng d | ||
| 020 | _a9780321620064 | ||
| 050 |
_aTK 5105.888 _b.H356 2010 |
||
| 100 | _aHalvorson, Kristina | ||
| 245 |
_aContent strategy for the web / _cKristina Halvorson. |
||
| 260 |
_aBerkeley, CA : _bNew Rider, _c2010. |
||
| 300 |
_a181 p. : _bill. ; _c24 cm. |
||
| 521 | _aBSBA | ||
| 650 |
_aWebsite development _xManagement |
||
| 942 |
_cBK _2lcc _kFOR |
||
| 999 |
_c24606 _d24606 |
||